Economic servey 2014-15 (Record no. 94466)

MARC details
000 -LEADER
fixed length control field 00626nam a22001817a 4500
005 - DATE AND TIME OF LATEST TRANSACTION
control field 20150807144439.0
010 ## - LCCN (DPL NO)
LC control number ENG-113324-325
020 ## - INTERNATIONAL STANDARD BOOK NUMBER
Terms of availability 495.00 (set price)
International Standard Book Number 0199460183 (set of 2 vols)
020 ## - INTERNATIONAL STANDARD BOOK NUMBER
Terms of availability 495.00 (set price)
International Standard Book Number 9780199460182 (set of 2 vols)
035 ## - SYSTEM CONTROL NUMBER
System control number EN-96856-857
037 ## - SOURCE OF ACQUISITION
Source of stock number/acquisition DBAD/PUB
082 ## - DEWEY DECIMAL CLASSIFICATION NUMBER
Classification number 330.954
245 ## - TITLE STATEMENT
Title Economic servey 2014-15
260 ## - PUBLICATION, DISTRIBUTION, ETC. (IMPRINT)
Place of publication, distribution, etc New Delhi
Name of publisher, distributor, etc Oxford University Press
Date of publication, distribution, etc 2015
270 ## - ADDRESS
Address YMCA Library Building, 1 Jai Singh Road,
City New Delhi
Postal code 110001
300 ## - PHYSICAL DESCRIPTION
Extent 2V.(vii,137p.; viii,146,A145p.) :
Dimensions 28cm(pbk)
Other physical details ill.
942 ## - ADDED ENTRY ELEMENTS (KOHA)
Source of classification or shelving scheme Dewey Decimal Classification
Item type English Books
Call number suffix ECO
Classification part 330.954
Holdings
Withdrawn status Lost status Materials specified (bound volume or other part) Not for loan Collection code Home library Current library Date acquired Source of acquisition Cost, normal purchase price Full call number Barcode Copy number Cost, replacement price Koha item type
    v.1 Not For Loan Non-fiction D.B.Act.Division D.B.Act.Division 23/06/2015 DBAD/PUB 495.00 330.954 ECO EN-96856 1 495.00 English Books
    v.2 Not For Loan Non-fiction D.B.Act.Division D.B.Act.Division 23/06/2015 DBAD/PUB 495.00 330.954 ECO EN-96857 1 495.00 English Books

© Delhi Public Library
Hit Counter
free hit counter